Quiz o Hiszpanii - Statystyki

Ogólne statystyki
  • Ten quiz został rozwiązany 28 razy
  • Średni wynik to 9 z 15
Statystyki odpowiedzi
Hint Odpowiedź % Poprawnych
1. Co jest stolicą Hiszpanii? Madryt
100%
5. Jaka waluta obowiązuje w Hiszpanii? Euro
75%
3. Jak nazywają się mieszkańcy Państwa hiszpańskiego? Hiszpanie
71%
7. Czy Hiszpania brała udział w 2 wojnie światowej? Nie
71%
8. Czy Hiszpania Pomagała Polsce, Francji i 3 rzeszy? Nie
71%
4. Czy Hiszpania jest w Unii Europejskiej? Tak
71%
10. Czy w Madrycie mieszkają Polacy? Tak
71%
13. Czy Hiszpania jest położona w Europie? Tak
71%
6. Z jakim państwem graniczy Hiszpania? Francja, Portugalia
67%
14. Czy przez Hiszpanie przepływa Morze Bałtyckie? Nie
67%
9. Czy w Hiszpanii są Muzułmanie i imigranci innych Państw? Tak
67%
11. Czy imigranci w Hiszpanii są masowo wyrzucani z Hiszpanii? Tak
67%
15. Czy pierwszy mundial meczu piłki nożnej odbył się w Hiszpanii? Tak
67%
2. Jaki język obowiązuje na terenie Hiszpanii? Hiszpański, angielski
8%
12. Co jest tradycyjnym jedzeniem w Hiszpanii? Ryż, makaron, zupa.
0%
Nie znaleziono quizów pasujących do podanych kryteriów
Rozkład punktacji
Procent ludzi z każdym wynikiem
Percentyl według liczby udzielonych odpowiedzi
Twoja historia wyników
Nie rozwiązałeś tego quizu